[Event "IECC M email"]
[Site "IECC email"]
[Date "1999.08.17"]
[Round "?"]
[White "Chizhov, Vadim"]
[Black "Veenendaal, Peter"]
[Result "1-0"]
[WhiteElo "1794"]
[BlackElo "1700"]
[PlyCount "47"]
[EventDate "1999.??.??"]
[EventType "tourn (corr)"]
[EventRounds "6"]
[SourceTitle "Corr 2008"]
[Source "ChessBase"]
[SourceDate "2008.06.24"]
[SourceVersion "1"]
[SourceVersionDate "2008.06.24"]
[SourceQuality "1"]

1. e4 e5 2. Nf3 Nf6 3. Nxe5 d6 4. Nf3 Nxe4 5. d4 d5 6. Bd3 Nc6 7. 0-0 Be7 8. Re1 f5 9. c4 Nf6 10. Nc3 Nb4 11. Qa4+ Kf8 12. Bf1 Bd7 13. Qb3 dxc4 14. Bxc4 c5 15. dxc5 Bxc5 16. Be3 b6 17. Bxc5+ bxc5 18. Ng5 Qc7 19. Ba6 Nbd5 20. Nxd5 Qd6 21. Nxf6 Qxf6 22. Qd5 Qxg5 23. Qd6+ Kf7 24. Bc4+ 1-0

[Event "IECC CL3-1999.17"]
[Site "IECC email"]
[Date "1999.03.28"]
[Round "?"]
[White "Zitny, Petr"]
[Black "Chizhov, Vadim"]
[Result "1-0"]
[WhiteElo "1828"]
[BlackElo "1790"]
[PlyCount "49"]
[EventDate "1999.??.??"]
[EventType "tourn (corr)"]
[EventRounds "4"]
[SourceTitle "Corr 2008"]
[Source "ChessBase"]
[SourceDate "2008.06.24"]
[SourceVersion "1"]
[SourceVersionDate "2008.06.24"]
[SourceQuality "1"]

1. d4 d5 2. c4 dxc4 3. Nf3 Nf6 4. e3 e6 5. Bxc4 c5 6. 0-0 a6 7. Qe2 b5 8. Bb3 Bb7 9. Rd1 Nbd7 10. Nc3 Qb8 11. d5 c4 12. dxe6 fxe6 13. Bc2 Bd6 14. h3 Qc7 15. Nd4 Nc5 16. b4 cxb3 17. axb3 b4 18. Na4 Nxa4 19. Rxa4 Kf7 20. Bd3 Bh2+ 21. Kh1 Be5 22. Rxb4 Rhc8 23. Bb2 a5 24. Rb5 Bd6 25. Rg5 1-0

[Event "IECC M email"]
[Site "IECC email"]
[Date "1999.03.02"]
[Round "?"]
[White "Ventimiglia, Charles"]
[Black "Chizhov, Vadim"]
[Result "1-0"]
[WhiteElo "1851"]
[BlackElo "1800"]
[PlyCount "65"]
[EventDate "1999.??.??"]
[EventType "tourn (corr)"]
[EventRounds "6"]
[SourceTitle "Corr 2008"]
[Source "ChessBase"]
[SourceDate "2008.06.24"]
[SourceVersion "1"]
[SourceVersionDate "2008.06.24"]
[SourceQuality "1"]

1. d4 Nf6 2. Bg5 e6 3. e4 Be7 4. e5 Nd5 5. Bxe7 Nxe7 6. Qh5 Nbc6 7. Nf3 d6 8. Nc3 Nd5 9. Nxd5 exd5 10. Bb5 Bd7 11. exd6 cxd6 12. 0-0 Ne7 13. Bd3 h6 14. Rfe1 0-0 15. Re2 Be6 16. Rae1 Qd7 17. c3 Rfe8 18. Ng5 hxg5 19. Qh7+ Kf8 20. Qh8+ Ng8 21. Bh7 Ke7 22. Qxg7 Nf6 23. Rxe6+ Qxe6 24. Rxe6+ Kxe6 25. g4 Nxg4 26. f4 Nf6 27. fxg5 Nd7 28. h4 Rf8 29. h5 Rac8 30. Kf2 Ke7 31. Kg3 a5 32. h6 a4 33. a3 1-0